The 24x7 marriage: (Record no. 27123)
[ view plain ]
| 000 -LEADER | |
|---|---|
| fixed length control field | 01209nam a22002537a 4500 |
| 005 - DATE AND TIME OF LATEST TRANSACTION | |
| control field | 20090602104022.0 |
| 008 - FIXED-LENGTH DATA ELEMENTS--GENERAL INFORMATION | |
| fixed length control field | 081126t xxu||||| |||| 00| 0eng d |
| 010 ## - LCCN (DPL NO) | |
| LC control number | ENG-93823 |
| 020 ## - INTERNATIONAL STANDARD BOOK NUMBER | |
| International Standard Book Number | 9788189975791 |
| Terms of availability | 250.00 |
| 035 ## - SYSTEM CONTROL NUMBER | |
| System control number | EN-77356 |
| 037 ## - SOURCE OF ACQUISITION | |
| Source of stock number/acquisition | DBAD / PUB |
| 040 ## - CATALOGING SOURCE | |
| Original cataloging agency | DPL |
| Language of cataloging | EN |
| 082 ## - DEWEY DECIMAL CLASSIFICATION NUMBER | |
| Classification number | 306.810954 |
| 100 ## - MAIN ENTRY--PERSONAL NAME | |
| Personal name | Nagaswami, Vijay |
| 9 (RLIN) | 1969 |
| 110 ## - MAIN ENTRY--CORPORATE NAME | |
| Corporate name or jurisdiction name as entry element | खत्री, अयोध्या प्रसाद द्वारा संकलित;रामनिरंजन परिमलेन्दु धावारा संपादित |
| 9 (RLIN) | 1970 |
| 245 ## - TITLE STATEMENT | |
| Title | The 24x7 marriage: |
| Statement of responsibility, etc | by Vijay Nagaswami |
| Remainder of title | smart strategies for good beginnings / |
| 260 ## - PUBLICATION, DISTRIBUTION, ETC. (IMPRINT) | |
| Place of publication, distribution, etc | New Delhi |
| Name of publisher, distributor, etc | Westland |
| Date of publication, distribution, etc | 2008 |
| 270 ## - ADDRESS | |
| Address | F-5, Oklha Industrial Area, Phase-I, Mezznine Floor, |
| City | New Delhi |
| Postal code | 110020 |
| 300 ## - PHYSICAL DESCRIPTION | |
| Extent | x, 274p. |
| Dimensions | 20cm(pbk) |
| 650 ## - SUBJECT ADDED ENTRY--TOPICAL TERM | |
| Topical term or geographic name as entry element | Marriage |
| Geographic subdivision | India |
| 9 (RLIN) | 621 |
| 942 ## - ADDED ENTRY ELEMENTS (KOHA) | |
| Source of classification or shelving scheme | Dewey Decimal Classification |
| Item type | English Books |
| Call number suffix | NAG |
| Classification part | 306.810954 |
| Withdrawn status | Lost status | Source of classification or shelving scheme | Damaged status | Not for loan | Home library | Current library | Date acquired | Source of acquisition | Cost, normal purchase price | Total Checkouts | Full call number | Barcode | Date last seen | Copy number | Cost, replacement price | Koha item type |
|---|---|---|---|---|---|---|---|---|---|---|---|---|---|---|---|---|
| Dewey Decimal Classification | Not For Loan | D.B.Act.Division | D.B.Act.Division | 02/06/2009 | DBAD / PUB | 250.00 | 306.810954 VIJ | EN-77356 | 02/06/2009 | 1 | 250.00 | English Books | ||||
| Dewey Decimal Classification | D.B.Act.Division | D.B.Act.Division | 28/07/2010 | 306.810954 VIJ | 28/07/2010 | English Books |
